Follow That Line: Breaking Bad Quiz Stats

 Plays Quiz Updated Nov 8, 2017

Challenge
Share
Tweet
Embed
Score 0/22 Timer 07:00
4 Plays Today
% Correct
A man provides for his family.
90.3%
Half a million in cash.
88.7%
Ohhh, wire!
88.7%
I wanna be a knight.
88%
I am the one who knocks!
86.5%
I once convinced a woman that I was Kevin Costner, and it worked because I believed it.
86.2%
Because somehow it seemed preferable to admitting that I cook crystal meth and killed a man.
85.4%
I will kill your wife. I will kill your son. I will kill your infant daughter.
85.1%
I think I'm done as a cop.
81.7%
Like they don't already know that? Are you saying they're stupid?
80.3%
I won.
79.6%
% Correct
I trust the hole in the desert I'd leave you in.
78.3%
Only the very best with just the right amount of dirty.
77%
He just doesn't know it yet.
76.1%
The moral of the story is; I chose a half measure when I should have gone all the way.
75.8%
Because it was illegal.
75.7%
And that is, what are Gustavo Fring's fingerprints doing in Gale Boetticher's apartment?
75.5%
So, you're chasing around a fly, and in your world, I'm the idiot.
74.8%
There's a chill. Don't freak out, it passes. And then...you'll see. I'll meet you there.
73.3%
Because I say so?
66.3%
I guess I'd start off by promising that if you let me go, I won't come after you. That you'd be safe.
59.7%
I am awake.
57.4%

You're not logged in!

Compare scores with friends on all Sporcle quizzes.
OR
Log In

You Might Also Like...

Show Comments

Extras

Top Quizzes Today


Score Distribution

Your Account Isn't Verified!

In order to create a playlist on Sporcle, you need to verify the email address you used during registration. Go to your Sporcle Settings to finish the process.

Report this User

Report this user for behavior that violates our Community Guidelines.

Details: